000 00458nam a2200193 a 4500
001 1758431004618
003 ACL
005 20250921103455.0
008 250921s1992##################000#0#eng##
020 _a9780929923932
082 0 4 _a793.8
_bWOO
100 1 _aWood, Elizabeth,
_eauthor.
245 1 0 _a50 Nifty Magic Tricks :
260 _c1992.
300 _a68 pages
650 0 _aJuvenile Nonfiction.
942 _cENGLISH
040 _aACL
_beng
_cACL
999 _c588422
_d588422